000 00785nam a22002777a 4500
001 BR2018001083
003 BR-BrBNA
005 20230928105246.0
007 ta
008 230509b bl.||||| |||| 00| 0 por d
040 _aBR-BrBNA
_bpor
_cBiblioteca Nacional de Agricultura
041 _a(Por)
072 _aE71; E14
090 _ E71 BR2018001083
100 1 _aCedro, R.R.
245 1 _aDesenvolvimento rural e a OMC; a experiência do Brasil
260 3 _aCuritiba, PR (Brasil):
_bJuruá Editora,
_c2011.
300 _a232 p.
500 _aBibliography p. 205-214; 9 tables; 15 illus.
650 _aDESENVOLVIMENTO RURAL
650 _aAGRICULTURA FAMILIAR
650 _aCOMÉRCIO EXTERIOR
650 _aGATT
909 _a202309
_bLucia
_c55
_dLucia Elande
942 _cBK
999 _c84323
_d84323